000 00570nam a2200241Ia 4500
003 OSt
005 20220524095832.0
008 210210b2013 xxu||||| |||| 00| 0 eng d
020 _a9788131709726
040 _aAL
_c
041 _aeng
082 _a541.394 LAIC
100 _aLAIDER (Keith J)
_938649
245 _aChemical kinetics
250 _a3
260 _aNoida
_bPearson Education
_c2013
300 _axi,531
650 _akinetics
_938650
650 _aChemical
_938651
690 _aPhysical Chemistry
_938652
906 _a073650
942 _2ddc
_cBK
999 _c123391
_d123391